Obchodné aspekty vzťahov medzi EÚ a krajinami západného Balkánu

Autonómne preferencie ako dočasný nástroj, ktorý poskytuje EÚ krajinám západného Balkánu. Nástroje obchodnej spolupráce ako prostriedok na konsolidáciu politických vzťahov v regióne a začlenenie regiónu do multilaterálneho systému.

Gespeichert in:
Bibliographische Detailangaben
1. Verfasser: Silná, Zuzana
Format: Buchkapitel
Sprache:Slowakisch
Schlagworte:
Tags: Tag hinzufügen
Keine Tags, Fügen Sie das erste Tag hinzu!

MARC

LEADER 00000nla$a2200000$$$4500
001 0120654
005 20240502072348.8
041 0 |a slo 
044 |a SK 
245 1 0 |a Obchodné aspekty vzťahov medzi EÚ a krajinami západného Balkánu  |c Zuzana Silná 
520 |a Autonómne preferencie ako dočasný nástroj, ktorý poskytuje EÚ krajinám západného Balkánu. Nástroje obchodnej spolupráce ako prostriedok na konsolidáciu politických vzťahov v regióne a začlenenie regiónu do multilaterálneho systému. 
610 2 0 |a Európska únia 
610 2 0 |a Balkán 
610 2 0 |a spolupráca regionálna 
610 2 0 |a integrácia 
610 2 0 |a obchod medzinárodný 
610 2 0 |a trh medzinárodný 
610 2 0 |a Svetová obchodná organizácia 
610 2 0 |a spolupráca cezhraničná 
100 1 |a Silná, Zuzana